[Event "TUR-ch U20"]
[Site "Canakkale"]
[Date "2016.06.28"]
[Round "2"]
[White "Bicer, Atakan Mert"]
[Black "Ibik, Halit Yavuz"]
[Result "0-1"]
[WhiteElo "1617"]
[BlackElo "1851"]
[PlyCount "64"]
[EventDate "2016.06.27"]
[EventType "swiss"]
[EventRounds "9"]
[EventCountry "TUR"]
[SourceTitle "CBM 173 Extra"]
[Source "ChessBase"]
[SourceDate "2016.08.29"]
[SourceVersion "1"]
[SourceVersionDate "2016.08.29"]
[SourceQuality "1"]

1. c4 g6 2. Nf3 Bg7 3. g3 e6 4. Bg2 d5 5. cxd5 exd5 6. d4 Nf6 7. 0-0 0-0 8. Nc3 c6 9. Bf4 Re8 10. Rc1 Nbd7 11. Qb3 Qb6 12. Rfd1 Ne4 13. Nxe4 dxe4 14. Ng5 Qxb3 15. axb3 f5 16. d5 cxd5 17. Rxd5 Nb6 18. Rd2 h6 19. Nh3 Be6 20. Rc7 g5 21. Be3 Be5 22. Rxb7 Bc8 23. Rxa7 Rxa7 24. Bxb6 Ra1+ 25. Bf1 f4 26. Kg2 Bxh3+ 27. Kxh3 Rxf1 28. Kg4 fxg3 29. fxg3 Rb8 30. Bc5 Rxb3 31. Rd8+ Kg7 32. Rd7+ Rf7 0-1

[Event "Manavgat Turkey Cup"]
[Site "Manavgat"]
[Date "2016.02.04"]
[Round "9"]
[White "Ozen, Deniz"]
[Black "Ibik, Halit Yavuz"]
[Result "1-0"]
[WhiteElo "2061"]
[BlackElo "1843"]
[PlyCount "129"]
[EventDate "2016.01.30"]
[EventType "swiss"]
[EventRounds "11"]
[EventCountry "TUR"]
[SourceTitle "CBM 170 Extra"]
[Source "ChessBase"]
[SourceDate "2016.02.25"]
[SourceVersion "1"]
[SourceVersionDate "2016.02.25"]
[SourceQuality "1"]

1. e4 c5 2. Nf3 d6 3. c3 Nf6 4. Bd3 Nc6 5. Bc2 e5 6. 0-0 Be7 7. d3 0-0 8. Nbd2 Qc7 9. Re1 Re8 10. Nf1 d5 11. Ng3 dxe4 12. dxe4 h6 13. h3 Be6 14. Nh4 Bf8 15. Nhf5 Ne7 16. Qf3 Nxf5 17. Nxf5 Bxf5 18. Qxf5 Qd7 19. Qf3 Nh7 20. Bb3 a6 21. Rd1 Qc7 22. Bd5 Nf6 23. Be3 c4 24. Qf5 Rad8 25. Rd2 Nxd5 26. Rxd5 Rxd5 27. exd5 Rd8 28. Rd1 Bd6 29. Qe4 b5 30. g4 Qe7 31. Kg2 Re8 32. Ra1 Qc7 33. Rd1 Qa5 34. a3 Qc7 35. Re1 Rd8 36. Qf5 Qb7 37. Rd1 Bb8 38. Qe4 Bd6 39. f3 Qc7 40. Bf2 f6 41. Be3 Bc5 42. h4 Bxe3 43. Qxe3 Qb7 44. Qc5 Rc8 45. Qd6 Kh8 46. Qe6 Rg8 47. d6 Qb6 48. Qd5 Qe3 49. Qd2 Qxd2+ 50. Rxd2 Rd8 51. f4 Kg8 52. Kf3 exf4 53. Ke4 Kf7 54. Kd5 Rd7 55. h5 Ke8 56. Ke6 Kd8 57. Rf2 Rb7 58. Rxf4 Rb6 59. Rd4 Rb7 60. Rd5 Rd7 61. Rc5 Rb7 62. Rc6 Ra7 63. Rb6 Kc8 64. d7+ Kc7 65. Rc6+ 1-0

[Event "Manavgat Turkey Cup"]
[Site "Manavgat"]
[Date "2016.02.02"]
[Round "6"]
[White "Ibik, Halit Yavuz"]
[Black "Ozkan, Ervin"]
[Result "0-1"]
[WhiteElo "1843"]
[BlackElo "2242"]
[PlyCount "72"]
[EventDate "2016.01.30"]
[EventType "swiss"]
[EventRounds "11"]
[EventCountry "TUR"]
[SourceTitle "CBM 170 Extra"]
[Source "ChessBase"]
[SourceDate "2016.02.25"]
[SourceVersion "1"]
[SourceVersionDate "2016.02.25"]
[SourceQuality "1"]

1. e4 c6 2. d4 d5 3. Nc3 dxe4 4. Nxe4 Bf5 5. Ng3 Bg6 6. Nf3 Nd7 7. Bd3 e6 8. 0-0 Ngf6 9. Re1 Be7 10. c4 Qc7 11. Qc2 Bxd3 12. Qxd3 0-0 13. Ne4 Rad8 14. Bg5 Rfe8 15. Qc2 h6 16. Bh4 Nxe4 17. Bxe7 Rxe7 18. Qxe4 Nf6 19. Qc2 Red7 20. b4 a5 21. a3 b5 22. Rec1 bxc4 23. Qxc4 axb4 24. axb4 Qb7 25. h3 Rd6 26. Ra6 Nd5 27. Rxc6 Rxc6 28. Qxc6 Qxb4 29. Ra1 Qb8 30. Ne5 Ne7 31. Qf3 Nf5 32. g4 Nxd4 33. Qxf7+ Kh8 34. Re1 Qb4 35. Re3 Nc2 36. Rf3 Qe1+ 0-1

[Event "Manavgat Turkey Cup"]
[Site "Manavgat"]
[Date "2016.02.02"]
[Round "5"]
[White "Kilic, Ihsan"]
[Black "Ibik, Halit Yavuz"]
[Result "0-1"]
[WhiteElo "2061"]
[BlackElo "1843"]
[PlyCount "78"]
[EventDate "2016.01.30"]
[EventType "swiss"]
[EventRounds "11"]
[EventCountry "TUR"]
[SourceTitle "CBM 170 Extra"]
[Source "ChessBase"]
[SourceDate "2016.02.25"]
[SourceVersion "1"]
[SourceVersionDate "2016.02.25"]
[SourceQuality "1"]

1. d4 d5 2. Bf4 Nf6 3. e3 c5 4. c3 Nc6 5. Bd3 e6 6. Nf3 c4 7. Bc2 Bd6 8. Nbd2 Qc7 9. Bxd6 Qxd6 10. Ba4 0-0 11. 0-0 a6 12. Bxc6 bxc6 13. Ne5 Nd7 14. f4 f6 15. Nxd7 Bxd7 16. Nf3 Be8 17. Nh4 Rb8 18. b4 cxb3 19. axb3 c5 20. Kh1 Rb6 21. Qc2 Rf7 22. Nf3 Rfb7 23. dxc5 Qxc5 24. Nd4 e5 25. b4 Qc7 26. fxe5 fxe5 27. Nb3 Bb5 28. Rf5 Rh6 29. e4 Rb8 30. Nc5 Qe7 31. exd5 Qh4 32. g3 Qxg3 33. Rg1 Qh4 34. Rxe5 Rf8 35. Re4 Qh5 36. c4 Be8 37. Ne6 Bg6 38. Rxg6 Rxg6 39. Nf4 Qf3+ 0-1